| 000 | 00000nas 2200000za 4500 |
| 001 | 9.864059 |
| 003 | CaOODSP |
| 005 | 20221107161436 |
| 007 | cr ||||||||||| |
| 008 | 181101d19411943oncar p oss f0###a0eng|d |
| 040 | |aCaOODSP|beng |
| 041 | |aeng|afre |
| 043 | |an-cn--- |
| 086 | 1 |aCS36-202-PDF |
| 245 | 04|aThe paper box and bag industry in Canada |h[electronic resource] = |bL'industrie des boîtes et sacs en papier au Canada. |
| 246 | 11|aIndustrie des boîtes et sacs en papier au Canada |
| 260 | |aOttawa :|bDominion Bureau of Statistics, Forestry Branch = Bureau fédéral de la statistique, Branche forestière, |c[1942-1944] |
| 310 | |aAnnual |
| 362 | 0 |a1941-1943. |
| 500 | |aDigitized edition from print [produced by Statistics Canada]. |
| 500 | |aTitle from caption. |
| 546 | |aText in English and French. |
| 653 | 2|aPaper boxes |
| 653 | 2|aPaper bags |
| 692 | 07|2gccst|aPulp and paper industry |
| 692 | 07|2gccst|aManufacturing industry |
| 710 | 1 |aCanada. |bDominion Bureau of Statistics. |bForestry Branch. |
| 780 | 00|tPreliminary report on the paper box & bag industry in Canada |w(CaOODSP)9.864055 |
| 785 | 00|tPreliminary report on the paper box & bag industry in Canada |w(CaOODSP)9.864074 |
| 792 | |tThe paper box and bag industry in Canada |efre|w(CaOODSP)9.864061 |